000 00732nam a2200229Ia 4500
001 10429
005 20260417104145.0
008 260306t2013||||xx |||||||||||||| ||spa||
020 _a9788499922935
041 _aESP
082 _a928.1
_bM519
100 _aMax, D. T.
_eAUT
245 0 _aTodas las historias de amor son historias de fantasmas:
_bDavid Foster Wallace, una biografía
250 _aPrimera edición
260 _c2013
_aBarcelona :
_bRandom House Mondadori,
300 _a471 páginas :
_c24 cm.
650 _aHIS
653 _aWallace, David Foster, 1962-2008 - Biografía; Escritores estadounidenses - Siglo XX - Biografía
654 _aCAU
700 _aSerrano, María
_eTRA
942 _cLIB
_dJUS
_fMAT
_2ddc
999 _c10429
_d10429